000 00914 a2200169 4500
003 Nust
005 20220812123514.0
020 _a9780071072779
040 _cNust
082 _a005.133,DAT
245 _aData structures through C++ /
_cISRD Group
260 _aNew Delhi
_bTata McGraw-Hill
_c2011
300 _a640p
505 _aIntroduction to Data Structures (Page-1), Design and Analysis of Algorithms (Page-11), Principles of Programming in C++ (Page-25), Functions and Object Oriented Concepts (Page-69), Arrays (Page-101), Pointers in C++ (Page-141), Linked Lists (Page-177), Stacks (Page-261), Queues (Page-307), Binary Trees (Page-343), Advanced Trees, Forests and Orchards (Page-399), Multiway Trees (Page-445), Searching and Sorting (Page-465), Graphs (Page-515), Hashing, Strings and Storage Management Printed Pages (Page-571).
650 _aComputer programming
942 _2ddc
_cBK
_k005.133,DAT
999 _c208636
_d208636